[Event "FIDE GP"]
[Site "Dubai"]
[Date "2002.04.03"]
[Round "1.1"]
[White "Anand, Viswanathan"]
[Black "Taleb, Moussa"]
[Result "1-0"]
[WhiteElo "2757"]
[BlackElo "2439"]
[Annotator "Postny,E"]
[PlyCount "75"]
[EventDate "2002.04.03"]
[EventType "k.o. (rapid)"]
[EventRounds "5"]
[EventCountry "UAE"]
[SourceTitle "CBM 089"]
[Source "ChessBase"]
[SourceDate "2002.08.12"]
[SourceVersion "1"]
[SourceVersionDate "2002.08.12"]
[SourceQuality "1"]

1. e4 c5 2. Nf3 Nc6 3. Bb5 g6 4. Bxc6 bxc6 5. O-O Bg7 6. c3 f6 {This move
looks strange, but combining with the following manoeuvre Ng8-h6-f7 it makes
sence. Comparing to the popular 6...Nh6 this leads to a transposition. Other
main plan is 6...Nf6.} 7. d4 cxd4 8. cxd4 Nh6 9. Nc3 Nf7 {In the game Karpov,
Anatoly-Kallai,Gabor/FRA 1993, this position arised with black's turn to move 
(this can happen, if white plays for example 6.d3, then c3 and d3-d4). However
an extra tempo did not help black, as after 10...e5?! 11.de fe 12.Be3 0-0 14.
Qd2 h6 15.b4 black got a worse position.} 10. h3 d6 11. Re1 O-O 12. Be3 (12.
Bf4 $6 Qa5 13. Qc2 Bd7 14. Rad1 Qh5 15. Qd3 g5 16. Bg3 Qg6 17. h4 h6 $132 {
1-0 Ribeiro,F-Hernandez,T/Cienfuegos 1996/CBM 52 ext (56)}) 12... Qb6 $6 $146 {
The beginning of a dubious queen manoeuvre.} (12... Qa5 13. Nd2 Rb8 14. Qc2 Bd7
15. f4 $6 (15. a3 $5 {[%cal Yb2b4]}) 15... Qh5 16. Nf1 e5 $132 {0-1 Zaitsev,
V-Samojlov,A/Rybinsk 2001/EXT 2002 (42)}) (12... f5 $5) 13. b3 Qb7 {In this
stage of the game black plays passively, allowing white to develope his pieces
in optimum way and get the initiative on the queenside.} ({Again} 13... f5 {
seems to be the better choice.}) 14. Rc1 Bd7 15. Nd2 Rad8 ({One more time} 
15... f5 $5) 16. Nc4 Qa6 17. Qd2 e5 {This plan is also possible for black, but
here it leads to a worse position.} ({Again} 17... f5 {should have been
prefered.}) 18. dxe5 ({Also favourable for white is} 18. Red1 f5 19. dxe5 dxe5
20. Qc2 $16) 18... fxe5 19. Na4 Be6 20. Qd3 {[%csl Ra6][%cal Gc4e5,Ge5d3]
threatening 21.Ne5.} Qb5 (20... d5 $2 21. Nxe5 Qxd3 22. Nxd3 dxe4 23. Nb4 $18)
21. Red1 a6 (21... d5 22. exd5 Bf5 23. Qd2 cxd5 (23... Rxd5 24. Qe1 $16) 24.
Nc3 Qb7 25. Na5 Qa8 26. Nxd5 Be4 27. Nc6 $18 {[%csl Re7]}) 22. Qc2 d5 {The
only active plan, that black has, but now white's NN starting to occupy the
weak squares on the queenside.} 23. Nc5 Bc8 24. a4 Qb4 (24... Qb8 25. Na5 $16)
25. Nd3 $1 Qb8 26. Na5 {[%csl Rc6]} dxe4 27. Nxc6 $2 {A big mistake, based on
a miscalculation.} ({After} 27. Nc5 $16 {white controls the whole board.})
27... exd3 28. Rxd3 Bf5 $1 {Probably this move was simply overlooked.} (28...
Qc7 $6 29. Nxd8 Qxc2 30. Rxc2 Bf5 31. Nxf7 Bxd3 32. Rc3 e4 33. Nh6+ Bxh6 34.
Bxh6 Rb8 $16) 29. Nxb8 $5 {An interesting decision. Anand decides to go for
the position with material deficit...} (29. Rxd8 Rxd8 30. Qc4 Qc7 31. Nxd8 Qxc4
32. Rxc4 Nxd8 {with dynamic equality.}) 29... Bxd3 30. Qd2 Bf5 31. Qa5 Rxb8 {
Suddenly black is materially ahead...} 32. Qxa6 Rxb3 33. a5 {It's very hard to
evaluate this position...Black's main problem is, that most of his pieces are
on the kingside and it's not easy to stop the advanse of the "a" pawn.} Bd3 ({
Probably the safest continuation for black is} 33... Rbb8) 34. Qe6 Rb7 (34...
Rbb8 $142) 35. a6 (35. Qd5 {[%csl Rb7,Rd3]} Ba6) 35... Bxa6 $4 $18 {Black can
not stand the tension and actually throws the game away!} (35... Rbb8 $14) 36.
Qxa6 Re7 37. Qa2 Bf6 $6 38. Rc6 {[%csl Rf6][%cal Ge3c5] White wins more
material.} 1-0

[Event "FIDE GP"]
[Site "Dubai"]
[Date "2002.04.03"]
[Round "1.2"]
[White "Taleb, Moussa"]
[Black "Anand, Viswanathan"]
[Result "1/2-1/2"]
[WhiteElo "2439"]
[BlackElo "2757"]
[PlyCount "42"]
[EventDate "2002.04.03"]
[EventType "k.o. (rapid)"]
[EventRounds "5"]
[EventCountry "UAE"]
[SourceTitle "CBM 089"]
[Source "ChessBase"]
[SourceDate "2002.08.12"]
[SourceVersion "1"]
[SourceVersionDate "2002.08.12"]
[SourceQuality "1"]

1. Nf3 d5 2. d4 Nf6 3. Bf4 Bf5 4. e3 c6 5. c4 e6 6. Nc3 Qb6 7. Qb3 dxc4 8. Bxc4
Nbd7 9. h3 Be7 10. O-O O-O 11. Rfe1 Bg6 12. Rad1 Rfe8 13. Ne5 Nxe5 14. Bxe5 Ne4
15. Nxe4 Qxb3 16. Bxb3 Bxe4 17. a3 Red8 18. Rc1 Bd6 19. Bxd6 Rxd6 20. Rc3 Rad8
21. Bc2 Bxc2 1/2-1/2

[Event "FIDE GP"]
[Site "Dubai"]
[Date "2002.04.04"]
[Round "2.1"]
[White "Azmaiparashvili, Zurab"]
[Black "Anand, Viswanathan"]
[Result "0-1"]
[WhiteElo "2676"]
[BlackElo "2757"]
[Annotator "Ribli,Z"]
[PlyCount "84"]
[EventDate "2002.04.03"]
[EventType "k.o. (rapid)"]
[EventRounds "5"]
[EventCountry "UAE"]
[SourceTitle "CBM 089"]
[Source "ChessBase"]
[SourceDate "2002.08.12"]
[SourceVersion "1"]
[SourceVersionDate "2002.08.12"]
[SourceQuality "1"]

1. c4 e5 2. Nc3 Nf6 3. Nf3 Nc6 4. e3 {Dieser Zug wird heutzutage selten
gespielt - die Fortsetzungen 4.g3, 4.d4 und auch 4.a3 genießen größere
Popularität.} Be7 (4... Bb4) 5. d4 (5. a3 O-O 6. b4) 5... exd4 6. Nxd4 O-O 7.
Be2 (7. Nc2 {Dieser Springerzug kommt stark in Betracht - damit kann Weiß das
z.B. in unserer Partie folgende Bb4 - Bxc3 verhindern.} Nb4 8. Bd2 Nxc2+ 9.
Qxc2 c6 10. Be2 d5 11. cxd5 cxd5 12. O-O Be6 13. Rfd1 Rc8 14. Qa4 a6 15. Be1
Qb6 16. Qd4 Qxd4 17. Rxd4 {1-0 Suba,M-Rizouk,A/Dos Hermanas ESP 2002/(68)})
7... Bb4 $5 {Hat Schwarz hier durch 4...Be7 und 7...Bb4 wirklich ein Tempo
verloren? Man muss bedenken, dass Weiß Im Falle von 4.d4 (anstatt 4. e3 - das
war die Fortsetzung in unserer Partie) exd4 5.Nxd4 Bb4 mit 6.Bg5 fortsetzen
kann. In unserer Partie hingegen steht der Bc1 viel passiver.} (7... d5) (7...
Nxd4 8. Qxd4 c6) 8. O-O (8. Qd3 Re8 9. O-O Ne5 10. Qc2 d5 11. Nxd5 Nxd5 12.
cxd5 Qxd5 13. Nb5 Ba5 14. b4 Bb6 15. Nxc7 Bxc7 16. Qxc7 Bh3 17. f3 Rac8 18. Qa5
Qxa5 19. bxa5 Rc2 20. Re1 Be6 21. e4 Bc4 {1/2-1/2 Paehtz,T-Skalkotas,N/
Thessaloniki 1988/TD (62)}) (8. Bd2 Nxd4 9. exd4 d5 $15) 8... Bxc3 9. bxc3 Re8
(9... d5 10. cxd5 Nxd5 11. Nxc6 bxc6 12. Qd4 Be6 13. Ba3 Re8 14. Bf3 Qg5 15.
Qc5 Bg4 16. Bxg4 Qxg4 17. Qxc6 {1-0 Rubinstein,A-Cohn,E/Bad Pistyan 1912/HCL 
(24)}) (9... d6 10. Nxc6 bxc6 11. Bf3 Bd7 12. c5 d5 13. c4 Bf5 (13... Be6 14.
Bb2 Rb8 15. Bd4 Ne4 16. Rc1 Qg5 17. cxd5 Bxd5 18. Qc2 Qg6 19. Be5 Rb5 20. Qd1
Bxa2 21. Bxc7 Bd5 {0-1 Lesiege,A-Mueller,K/Oakham 1992/CBM 30 (59)}) 14. Bb2
Ne4 15. Qd4 f6 16. Rfd1 Ng5 17. Be2 Be6 18. cxd5 cxd5 19. c6 {1-0 Shaked,
T-Krush,I/Kona 1998/EXT 99 (43)}) 10. f3 (10. Rb1 Ne4 11. Qc2 d6 12. f3 Nc5 13.
e4 Bd7 14. Be3 b6 15. Rf2 Qf6 16. g4 Qg6 17. Rg2 Ne5 18. h4 $36 {0-1 Filguth,
R-Milos,G/Santiago 1987/EXT 2002 (36)}) 10... Ne5 $13 {Schwarz hat eine
gesunde Stellung, ohne Schwächen. Auf der anderen Seite hat Weiß das
Läuferpaar, und in der Folge kann er mit e3 - e4 ein starkes Bauernzentrum
aufbauen - dafür sind jedoch seine Bauern auf der c-Linie für immer schwach.}
11. e4 (11. c5 $1 $13 {Nun könnte Weiß im Falle von b7-b6, oder d7-d6
wenigstens einen c-Bauern abtauschen.}) 11... d6 {[%csl Rc3,Rc4] Schwarz
verhindert das mögliche c4 - c5 und legt den weißen Doppelbauern fest.} 12. Bf4
Nfd7 $1 {[%cal Gd7c5][%mdl 32]} (12... b6) 13. Bg3 Ng6 14. Qc2 b6 15. Nc6 (15.
f4 Bb7 16. Bf3 Nc5 $15) 15... Qf6 {Der Nc6 steht nur scheinbar aktiv, die
Bauernstruktur ist viel besser für Schwarz.} 16. Nb4 Bb7 17. Nd5 Qd8 (17...
Bxd5 $2 {Das wäre ein großer strategischer Fehler.} 18. cxd5 Nc5 19. Bb5 $36)
18. Rad1 Nc5 $15 {Schwarz kontrolliert die wichtigsten Felder. Zudem hat die
Stellung einen eher geschlossenen Charakter.} 19. Bf2 Bc6 {[%cal Rc6a4,Ra4d1]}
20. Rd2 Nf8 {Schwarz möchte 21...Nfd7 oder 21...Nfe6 ziehen und die Stellung
des Nc5 stärken. Danach könnte er daran gehen, den Nc7 - nach Ba4 - mit c7-c6
zu verjagen.} 21. Bxc5 (21. Re1 Nfd7 22. Bf1 Ba4 $15) 21... bxc5 {Jetzt hat
auch Schwarz seinen Doppelbauern auf der c-Linie, aber seine Stellung scheint
mir harmonischer, zudem steht der Be2 sehr passiv.} 22. f4 (22. Rb1 $5) 22...
Rb8 {[%cal Gb8b1]} 23. Bf3 Bxd5 24. cxd5 (24. exd5 Qf6 $15) (24. Rxd5 Ng6 25.
g3) 24... Qf6 25. g3 (25. Bg4 $5 {Auf diese Weise kann Weiß 25...Nd7
verhindern, bzw. zumindest den Springer abtauschen.}) 25... Nd7 26. Re2 (26.
Bg4 Nb6 27. c4 $132) 26... c4 $1 $36 {[%cal Gd7c5,Gc5d3]} 27. Qa4 Nb6 28. Qxa7
$2 {[%mdl 16384] Weiß gewinnt mit dem Textzug zwar einen Bauern, dafür bekommt
Schwarz jedoch sehr aktives Figurenspiel. Weiß sollte die Finger besser vom
Pa7 lassen und seine Dame zurück ziehen.} (28. Qc2 $5) 28... Qxc3 29. Qxc7 Qd4+
30. Kh1 c3 {[%csl Gc3]} 31. e5 (31. Qxd6 Nc4 $36) (31. Rc1 Nc4 $36) 31... Rec8
(31... dxe5 32. Rxe5 Rec8 33. Qa7 c2 $17) 32. Qe7 (32. Qxd6 Rd8 (32... c2 $2
33. Rxc2) 33. Qa3 Nxd5 $36) 32... c2 $1 (32... Nxd5 33. Qxd6 Rd8 $36) 33. e6 (
33. Rc1 Qd1+ $19) (33. Ree1 Nxd5 34. Qxd6 Rd8 35. Qa3 Qc3 (35... Nb4) 36. Qxc3
Nxc3 $17 {[%csl Gc2]}) 33... fxe6 34. Qxe6+ Kh8 $17 {Weiß hat gar nichts am
Königsflügel - der schwarze Pc2 entscheidet die Partie.} 35. Kg2 $2 (35. Ree1
Nc4 $17) 35... Qb2 $19 {[%csl Gc2][%cal Gb2g2] Gegen 36...c1Q ist kein Kraut
gewachsen.} 36. f5 c1=Q 37. Rxc1 Qxc1 38. f6 {Schwarz kann die weißen
Drohungen am Königsflügel leicht parieren.} Qc7 39. f7 Rf8 40. Bh5 Nc4 {
[%cal Gc4e5]} 41. Bg6 Ne5 (41... hxg6 $4 42. Qh3#) 42. Bxh7 Qxf7 0-1

[Event "FIDE GP"]
[Site "Dubai"]
[Date "2002.04.04"]
[Round "2.4"]
[White "Azmaiparashvili, Zurab"]
[Black "Anand, Viswanathan"]
[Result "1-0"]
[WhiteElo "2676"]
[BlackElo "2757"]
[Annotator "Stohl,I"]
[PlyCount "79"]
[EventDate "2002.04.03"]
[EventType "k.o. (rapid)"]
[EventRounds "5"]
[EventCountry "UAE"]
[SourceTitle "CBM 089"]
[Source "ChessBase"]
[SourceDate "2002.08.12"]
[SourceVersion "1"]
[SourceVersionDate "2002.08.12"]
[SourceQuality "1"]

1. d4 Nf6 2. c4 e6 3. Nf3 c5 4. d5 d6 5. Nc3 exd5 6. cxd5 g6 7. Bf4 Bg7 (7...
a6 $5 8. e4 b5 $132) 8. e3 ({The main line goes} 8. Qa4+ Bd7 9. Qb3 Qc7 (9...
b5 $6 10. Bxd6 Qb6 11. Be5 O-O 12. e3 c4 13. Qd1 Na6 14. a4 $5 b4 15. Nb5 Rfc8
16. Nd6 Rc5 17. Nxc4 Qd8 18. Ncd2 Nc7 19. d6 Ncd5 20. Nb3 Nxe3 21. fxe3 Rd5 22.
Nbd4 Qe8 23. Bb5 Bxb5 24. axb5 Rxe5 25. Nxe5 Qxe5 26. Qf3 Rd8 27. O-O Qxd6 28.
Rxa7 h5 29. Ra6 Qe5 30. Rxf6 Bxf6 31. Nc6 {1-0,Yakovich,Y-Handke,F/Stockholm/
2000/}) 10. e4 O-O 11. Nd2 $14 {-A70 Here White has chances for an advantage.})
8... O-O 9. Be2 {Anand has hardly ever played the Benoni, so White chooses a
rarely played and seemingly innocuous system, aiming firstly at finishing his
development.} (9. h3 Na6 10. Be2 Nc7 11. O-O Re8 12. a4 a6 $6 (12... Bf5 $11) (
12... Ne4 $5) 13. Qb3 Rb8 14. a5 Ne4 15. Ra2 g5 16. Bh2 b5 $2 17. axb6 Nxc3 18.
bxc3 Nb5 19. Bxb5 axb5 20. Qxb5 Rxb6 21. Qd3 Rb3 22. Rc1 Bd7 23. Nd2 Bb5 24.
Qf5 Bd7 25. Qf3 Rxc3 26. Rxc3 Bxc3 27. Ne4 $16 {Gurgenidze,B-Zaichik,G/Tbilisi/
1991/}) 9... Re8 $146 {Anand's move is new, but other alternatives seem safer
and preferable:} (9... a6 10. a4 Bg4 11. h3 (11. Nd2 $6 Bxe2 12. Qxe2 Nh5 13.
Bg3 Nxg3 14. hxg3 Nd7 15. Nc4 Qe7 16. a5 Rab8 17. O-O f5 18. Qd3 Ne5 19. Nxe5
Bxe5 20. Na4 g5 21. Rab1 f4 $36 {Cruz,A-Sevillano,E/Baguio City/1987/}) 11...
Bxf3 12. Bxf3 Re8 13. O-O Qc7 14. g4 Nfd7 15. Qc2 Ne5 16. Be2 Nbd7 17. Bg3 c4
18. Kg2 Rab8 19. Rae1 b5 20. axb5 axb5 21. f4 Nd3 22. Bxd3 cxd3 23. Qxd3 Nc5
$44 {|^,Garcia,A-Marte,M/Novi Sad/1990/}) (9... Na6 10. O-O (10. Nd2 Nc7 11.
Nc4 Nfe8 12. a4 f5 $5 13. h4 b6 14. Qb3 Bb7 15. Rd1 Rb8 16. Rh3 b5 $1 17. axb5
Ba6 18. Qa2 Bxb5 19. Nxb5 Rxb5 20. Kf1 Rb4 21. Qxa7 Nb5 $44 {Shamkovich,
L-Planinc,A/Varna/1970/}) 10... Bg4 11. h3 Bxf3 12. Bxf3 Nc7 13. a4 Qd7 14. Qb3
Rfb8 15. Qc4 {Belotelov,D-Hasangatin,R/Budapest/1997/} a6 16. Be2 Qe7 {/\Nd7<=>
}) (9... Bg4 $5 $13) 10. Nd2 $1 {With the e8-square taken by the R, White
directly goes for the ><d6.} Na6 (10... a6 11. a4 Qc7 12. Nc4 Bf8 13. O-O $16)
11. Nc4 (11. O-O $142 $5 Nc7 (11... Nb4 12. Nc4 $16) 12. Nc4 Bf8 (12... Ne4 13.
Nxe4 Rxe4 14. Bxd6 {/\} b5 15. Nd2 $16) 13. a4 $36) 11... Ne4 12. Nxe4 Rxe4 13.
Bg3 {[%cal Rc4d6] /\Nd6} (13. Nxd6 $2 Rxf4 14. Nxc8 Rb4 $19 {פ}) (13. Bxd6 $2
Rxc4 $17) (13. O-O $6 b5 14. Na3 Bxb2 15. Nxb5 Bxa1 16. Qxa1 Rxf4 17. exf4 Nc7
$11 {/=/+}) (13. Qb3 b5 $5 14. Qxb5 Nb4 $36) 13... Rxc4 $1 {Anand complicates
matters, as he doesn't relish the prospect of suffering under positional
pressure.} (13... Bf8 14. O-O b5 15. Na3 Rb4 16. Bxb5 Bg7 17. Rb1 Rb8 (17...
Bxb2 18. Nc4 $40) 18. Bd3 Rxb2 19. Nc4 Rxb1 20. Bxb1 $14 {/+/-}) 14. Bxc4 b5
15. Be2 (15. Bxb5 $4 Qa5+ $19) 15... Bxb2 16. O-O $1 (16. Rb1 Bc3+ 17. Kf1 Nc7
$13) 16... Bxa1 17. Qxa1 $44 {[%csl Gd5,Ge3,Rf6,Rg7,Rh6][%cal Ga1h8][%mdl 128]
->,[+],׻ For the sacrificed P White has attacking prospects, the Kg8 is
vulnerable on the dark squares.} Nc7 (17... c4 $2 18. a4 $16) 18. e4 f6 (18...
Qe7 19. e5 $1 (19. Bf3 $143 f6 $15) 19... dxe5 (19... Nxd5 20. exd6 $36 {/\}
Qxe2 21. Re1 $16) 20. d6 $5 (20. Bxe5 Nxd5 21. Bxb5 Bb7 $132) (20. Rd1 Ne8 $5
21. Bxb5 f6 $13) 20... Qxd6 21. Rd1 Qe7 (21... Qe6 22. Bf3 f6 23. Qc3 $1 $36 {
/\} (23. Bxa8 Nxa8 $15) 23... Rb8 24. Qxc5 Qf7 25. Qxa7 Na6 26. Bd5 Be6 27.
Qxa6 Bxd5 28. Qd6 $18) 22. Qxe5 $1 Ne6 23. Bxb5 $36) 19. f4 (19. Re1 $142 $44)
19... b4 $6 {Rather careless, as now White can break through in the [+] and
make life dangerous for Black's K.} (19... f5 $142 $1 20. e5 (20. Bf3 fxe4 21.
Bxe4 Bf5 22. Bf3 b4 $15) 20... Bb7 21. Rd1 $13 {/=/+}) ({Even} 19... Qe7 {
was stronger, than the text move.}) 20. Bh4 Ne8 (20... Kg7 21. e5 $40 {/\} (21.
Bc4 $5 {/\e5->}) 21... g5 22. fxg5 fxe5 23. Rf7+ $1 Kxf7 24. g6+ $18) (20...
Qe7 21. Bf3 $5 (21. Qxf6 Qxf6 (21... Qxe4 22. Qxd6 Qe3+ 23. Bf2 Qxe2 24. Re1
Ne8 25. Qxc5 $18) 22. Bxf6 Ba6 (22... Kf7 23. Bd8 $16) 23. Bxa6 Nxa6 24. e5 c4
$5 $14) (21. Bd3 Nxd5 $15) 21... g5 22. fxg5 fxg5 23. Bg3 g4 24. Be2 Qxe4 25.
Bxd6 $40) 21. e5 $1 Qd7 $5 {[%mdl 256] Cold-blooded defence, opening the
position would play into White's hands:} (21... g5 22. fxg5 (22. Bf2 $5) 22...
fxe5 23. Qb1 $16 {/\Bd3->}) 22. e6 Qe7 23. Bb5 {The most direct continuation.}
(23. Bc4 Bb7 (23... a5 24. f5 $1 g5 25. Bxg5 fxg5 26. f6 Nxf6 27. Rxf6 Qg7 28.
Qf1 Ra7 29. Qf5 $40 {/\Rf7+-}) 24. Qb2 $36 {maintains the squeeze, but with no
immediate decision in sight.}) (23. f5 Bb7 24. fxg6 Bxd5 25. Bxf6 Qxe6 $15)
23... Bb7 24. Bxe8 Rxe8 {Black prepares a countersacrifice to free his
position.} (24... Qxe8 $5 25. f5 $5 (25. Rd1 f5 $5 (25... g5 26. fxg5 Qh5 27.
gxf6 Qxh4 28. f7+ Kf8 29. Qh8+ Ke7 30. f8=Q+ Rxf8 31. Qg7+ $18) 26. Qf6 (26.
Bf6 $40) 26... Qf8 27. Qe7 Qxe7 28. Bxe7 c4 29. Bxd6 c3 30. e7 a5 31. Bc5 c2 $8
32. Rc1 Bxd5 33. Rxc2 $14) 25... Bxd5 26. Qxf6 $44 {->}) 25. Bxf6 Qf8 26. Rd1
$16 {[%csl Rb7,Gf6][%cal Rf4f5] ->^-,/\f5} (26. f5 $145 $1 Bxd5 27. Bg7 Qe7 (
27... Qxg7 28. f6 $18) 28. f6 Qxe6 29. f7+ Qxf7 30. Rxf7 Bxf7 31. Bh8 $18 {
(Fritz)}) 26... Bxd5 {This was Anand's intention.} ({After} 26... Qh6 27. Bh8
$5 {/\ Black can hardly move at all and White will calmly prepare f5.}) 27.
Rxd5 Rxe6 28. Bg5 (28. Bh8 Qe7 29. Rd1 Re2 30. Kf1 $14) 28... Qe8 (28... h6 29.
f5 $1 gxf5 30. Bf4 Qe8 31. Qb2 Re1+ 32. Kf2 Qe4 33. Qd2 $16) 29. Rd1 $2 {
[%mdl 8192] The growing tension brings tactical mistakes.} (29. Bh4 $1 Qc6 (
29... Re2 30. Rxd6 $18) 30. Qd1 $16) 29... Re2 30. Bh6 Qe3+ 31. Kh1 Qc3 $8 $36
32. Qxc3 $2 (32. Qb1 Qc2 $15) 32... bxc3 33. f5 c2 $2 {[%mdl 8192]} (33... d5
$1 34. Kg1 d4 $36 {/\} 35. Kf1 Rxa2 $17) 34. Rc1 d5 35. Kg1 d4 36. Kf1 d3 37.
Re1 $1 $18 {Black has lost a crucial tempo and now after the R exchange his P
simply fall.} d2 $2 (37... Rxe1+ 38. Kxe1 Kf7 39. Kd2 c4 40. Kc3 Kf6 41. fxg6 (
41. Kxc4 $4 g5 $19) 41... Kxg6 42. Bc1 $18) 38. Kxe2 gxf5 39. Kxd2 Kf7 40. Kxc2
1-0

[Event "FIDE GP+"]
[Site "Dubai"]
[Date "2002.04.05"]
[Round "3.1"]
[White "Anand, Viswanathan"]
[Black "Short, Nigel D"]
[Result "1-0"]
[WhiteElo "2757"]
[BlackElo "2663"]
[Annotator "Finkel,A"]
[PlyCount "57"]
[EventDate "2002.04.03"]
[EventType "k.o. (rapid)"]
[EventRounds "5"]
[EventCountry "UAE"]
[SourceTitle "CBM 089"]
[Source "ChessBase"]
[SourceDate "2002.08.12"]
[SourceVersion "1"]
[SourceVersionDate "2002.08.12"]
[SourceQuality "1"]

1. e4 e6 2. d4 d5 3. Nc3 Nf6 4. Bg5 dxe4 5. Nxe4 Be7 6. Bxf6 gxf6 7. Nf3 a6 {
This move is one of Short's favorite variations, but this game might change
his attitude.} (7... Nd7 8. Qd2 $6 f5 9. Ng3 h5 $5 10. h4 Bd6 11. Rh3 c6 12.
Ng5 Nf6 13. Bc4 Nd5 $15 {Euwe,M-Balla,Z/Bad Pistyan 1922/1/2-1/2 (50)}) (7...
c6 $6 8. Qd2 f5 9. Ng3 b6 10. Bc4 Nd7 11. O-O-O Bb7 12. Rhe1 Nf6 13. Kb1 Qc7
14. Ne5 $16 {Kozma,J-Fichtl,J/CSR-ch Prague 1953 (37)}) (7... Qd5 $6 8. Bd3 Nd7
9. O-O Nf8 10. c4 Qh5 11. Qd2 Rg8 12. Ng3 Qg4 13. Rfe1 Bd7 14. Be4 $36 {
Aronson,L-Khanov,K/URS-ch sf 1957/1-0 (49)}) 8. c4 {This move deserves very
serious attention.} (8. Bd3 b5 (8... Nd7 9. Qe2 c5 (9... f5 10. Ng3 Nf6 11.
O-O-O Qd5 12. Kb1 f4 13. Ne4 Nxe4 14. Bxe4 Qd6 15. Ne5 $14 {Toth,A-Dobos,J/
Szekszard op 1995}) 10. dxc5 Qa5+ 11. Qd2 Qxd2+ 12. Nfxd2 Nxc5 13. Nxc5 Bxc5
$11 {Cohn,E-Swiderski,R/Wien 1908}) 9. Qe2 Bb7 10. O-O-O Bd5 11. Kb1 c6 12. Nc3
Nd7 13. Rhe1 Qa5 14. Nxd5 cxd5 15. Nh4 Nb6 $13 {Stjazhkina,O-Grabuzova,T/49th
ch-RUS (women) 1999}) (8. g3 b5 9. Bg2 Bb7 10. Qe2 Bd5 11. Nc3 c6 12. Nxd5 (12.
O-O-O Nd7 13. Kb1 Nb6 14. Rhe1 Qc7 15. Nh4 h5 16. f4 f5 17. Nf3 O-O-O 18. Ne5
$14 {Leko,P-Morozevich,A/Frankfurt-West Masters 1999}) 12... cxd5 13. c3 Nc6
14. a4 O-O 15. O-O Qb6 16. b4 Rfc8 17. Rfd1 $14 {Lutz,C-Morozevich,A/
Frankfurt-West Masters 1999}) (8. Qd2 b5 9. Qh6 $6 Bb7 10. Bd3 Nd7 11. Ng3 f5
12. Nh5 Bf8 13. Qe3 Nf6 $15 {Sutovskij,E-Morozevich,A/Torneo de Pamplona 9th
1998}) 8... f5 9. Nc3 c5 (9... Bf6 10. Qd2 c5 11. d5 O-O 12. Be2 (12. O-O-O Qa5
(12... e5 13. h4 $5 {[%cal Gf3g5]} b5 14. d6 Nc6 $2 15. d7 $1 $16 {Shirov,
A-Topalov,V/Sarajevo 2000}) 13. Kb1 Bg7 14. h4 e5 15. Re1 Nd7 $6 16. Bd3 $1 $16
{Esplana,C-Kastanieda,G/Lima 2000}) 12... e5 13. h4 b5 14. cxb5 Bb7 15. Rh3 Kh8
16. Ng5 Bg7 17. Rf3 Qd7 18. O-O-O e4 $132 {Makropoulou,M-Zatonskih,A/Istanbul
2000}) 10. d5 O-O 11. Qc2 Bf6 12. O-O-O e5 13. Nd2 Bg7 14. f3 ({It was
possible to play} 14. Bd3 $5 e4 15. Be2 b5 16. g4 fxg4 17. Ndxe4 Bf5 18. f3
gxf3 19. Bxf3 Nd7 20. Rhg1 $14 {with better prospects.}) 14... Qf6 15. Bd3 b5
16. Rdf1 $1 {[%cal Gg2g4] This move appears to be a novelty. The idea behind
it is just to transfer g4 not letting black to get counterplay on the kingside.
} (16. h3 b4 17. Na4 a5 18. Kb1 Na6 19. Nb3 Re8 20. Rhf1 Bf8 21. d6 $1 $36 {
Wang Zili-Dreev,A/Shenyang 1999}) (16. g4 $6 e4 17. fxe4 fxg4 18. h3 gxh3 19.
Bf1 Bg4 20. Be2 Bd7 $13) 16... h6 17. Kb1 b4 18. Na4 a5 19. g4 $1 $16 {Black's
position deteriorates in a couple of moves!} e4 $5 (19... fxg4 20. fxg4 Qe7 21.
Bf5 Bxf5 22. Qxf5 Nd7 23. Ne4 $18) 20. fxe4 f4 21. e5 $1 Qxe5 22. Re1 Qc7 23.
Rhg1 {[%cal Gg4g5]} Bd7 24. g5 $18 {Now it's just over.} h5 25. Ne4 Rd8 26.
Nf6+ Kf8 27. Bf1 $1 {[%cal Gc2h7,Gh7g8]} Qc8 28. Nb6 Bf5 29. Bd3 1-0

[Event "FIDE GP+"]
[Site "Dubai"]
[Date "2002.04.05"]
[Round "3.2"]
[White "Short, Nigel D"]
[Black "Anand, Viswanathan"]
[Result "0-1"]
[WhiteElo "2663"]
[BlackElo "2757"]
[PlyCount "34"]
[EventDate "2002.04.03"]
[EventType "k.o. (rapid)"]
[EventRounds "5"]
[EventCountry "UAE"]
[SourceTitle "CBM 089"]
[Source "ChessBase"]
[SourceDate "2002.08.12"]
[SourceVersion "1"]
[SourceVersionDate "2002.08.12"]
[SourceQuality "1"]

1. e4 c5 2. Nf3 d6 3. d4 cxd4 4. Nxd4 Nf6 5. Nc3 a6 6. a4 Nc6 7. f4 g6 8. Be2
Bg7 9. Be3 O-O 10. O-O Bg4 11. Nb3 Qc8 12. a5 Re8 13. Ra4 Bxe2 14. Qxe2 Qg4 15.
Qd3 Rac8 16. Nd5 Nxd5 17. exd5 Ne5 0-1